Sledovanie vybraných ukazovateľov zdravotného stavu rómskej populácie na základe analýzy z listov o obhliadke mŕtveho (príručka)

Bibliographic Details
Main Authors: Krak, Jozef (Author), Valluš, Ernest (Author), Kráľovská, Vanda (Author)
Format: Book
Language:Slovak
PhysicalDescription:39 s. grafy, tab. 30 cm
Published: Bratislava Úrad verejného zdravotníctva Slovenskej republiky 2016
ISBN:9788089475186
Subjects:

MARC

LEADER 00000nam a2200000 a 4500
001 vtls011554476
003 SK-MaSNL
005 20260426015611.0
008 240318s2016 xo da g nf 000 0 slo
015 |a SNBA2016/06 
020 |a 9788089475186  |q (brož.) 
035 |a FF23651E-EC24-4663-BDAB-108E45CC4D12 
035 |a urn:nbn:sk:snk-amtgnh 
035 |a urn:nbn:sk:snk-am00c0n1 
040 |a SNK  |b slo  |c SNK  |e AACR2 
041 0 |a slo 
043 |a e-xo--- 
044 |a xo  |c SK 
072 7 |a 614  |x Verejné zdravie a hygiena  |2 konspekt 
072 7 |a 316.3  |x Globálne spoločnosti. Sociálna štruktúra. Sociálne skupiny  |2 konspekt 
080 |a 342.724  |2 2011 
080 |a (048.8)  |2 2011 
080 |a (035)  |2 2011 
080 |a (=214.58)  |2 2011 
080 |a 614.1:616-01  |2 2001 
100 1 |a Krak, Jozef  |4 aut  |9 9746 
245 1 0 |a Sledovanie vybraných ukazovateľov zdravotného stavu rómskej populácie na základe analýzy z listov o obhliadke mŕtveho  |b (príručka)  |c [autori: Jozef Krak, Ernest Valluš, Vanda Kráľovská] 
260 |a Bratislava  |b Úrad verejného zdravotníctva Slovenskej republiky  |c 2016 
300 |a 39 s.  |b grafy, tab.  |c 30 cm 
500 |a Podľa ISBN vydala Axima, Ivanka pri Dunaji 
504 |a Bibliogr.: s. 39 
650 0 7 |a národnostné menšiny  |2 SNKPH  |9 2669 
650 0 7 |a Ethnic minorities  |2 SNKPHeng  |9 265191 
650 0 7 |a Rómovia  |2 SNKPH  |9 1702 
650 0 7 |a Romanies  |2 SNKPHeng  |9 302857 
650 0 7 |a zdravotný stav obyvateľstva  |2 SNKPH  |9 4954 
650 0 7 |a Population health status  |2 SNKPHeng  |9 275171 
651 7 |a Slovensko  |2 SNKPH  |9 14231 
651 7 |a Slovakia  |2 SNKPHeng  |9 92630 
655 7 |a príručky  |2 SNKPH  |9 74364 
655 7 |a Handbooks, manuals, etc.  |2 SNKPHeng  |9 90964 
700 1 |a Valluš, Ernest  |4 aut  |9 754216 
700 1 |a Kráľovská, Vanda  |4 aut  |9 19580 
919 |a 978-80-89475-18-6 
958 |a NB 
999 |c 1188913  |d 1190843 
952 |a SNK  |b SNK  |y PREZ  |7 0  |p 17A1196166  |o snkSB 90157  |i snk2016/13381  |8 0  |0 0  |1 0  |4 0  |d 2016-05-23  |f 1  |l 0  |r 2025-05-12 00:00:00  |w 2026-02-24 
952 |a SNK  |b SNK  |y VYP  |7 0  |p 17A1196165  |o snkSB 90157 D1  |i snk2016/13382  |8 0  |0 0  |1 0  |4 0  |d 2016-05-23  |l 0  |r 2026-02-24 22:03:53  |w 2026-02-24